[Event "EU-chB18"]
[Site "Herceg Novi MNE"]
[Date "2006.09.13"]
[Round "4"]
[White "Moranda,W"]
[Black "Dourerassou,J"]
[Result "1-0"]
[WhiteElo "2446"]
[BlackElo "2336"]

1.d4 Nf6 2.c4 g6 3.Nc3 Bg7 4.e4 d6 5.Nf3 O-O 6.Be2 e5 7.Be3 Ng4 8.Bg5 f6
9.Bh4 Nc6 10.d5 Ne7 11.Nd2 Nh6 12.f3 g5 13.Bf2 f5 14.h3 Ng6 15.g4 fxg4 16.hxg4 Nf4
17.Rh2 c5 18.Qc2 Bd7 19.Be3 Ng6 20.O-O-O Nf7 21.Nf1 a6 22.Ng3 b5 23.Rdh1 h6
24.Nf5 Qa5 25.Kb1 Rfb8 26.Bd2 Qd8 27.Ng3 Rb7 28.Nd1 Rab8 29.Ne3 Nf4 30.Bc1 bxc4
31.Nxc4 Bb5 32.Nf5 a5 33.Bf1 a4 34.Qc3 Bxc4 35.Bxc4 Ng6 36.Rc2 Ne7 37.Ne3 Nh8
38.Qa3 Qf8 39.Be2 Ra8 40.Nc4 Nc8 41.Bd2 Qd8 42.Qc3 Ne7 43.Na5 Rb6 44.Qa3 Qd7
45.Re1 Rab8 46.Ka1 Nhg6 47.Rb1 Nh4 48.Bd1 Ra6 49.Rc4 Nc8 50.Rxa4 Rba8 51.Qc3 Na7
52.Nc6 Nxc6 53.Rxa6 Rxa6 54.dxc6 Qxc6 55.Qc4+ Kh7 56.Bc3 Ng2 57.Bd2 Rb6 58.Rc1 Qb7
59.b3 Nf4 60.Bc2 Qe7 61.a4 Ne6 62.a5 Rb8 63.Kb2 Nd4 64.Bd1 Qb7 65.Ra1 d5
66.Qxd5 Qxd5 67.exd5 e4 68.Bc3 exf3 69.Bc2+ Kg8 70.a6 Nxc2 71.Kxc2 f2 72.Rf1 Bf8
73.Rxf2 Ra8 74.Rf6 Rb8 75.a7 Ra8 76.Ra6 c4 77.bxc4 Bc5 78.Rxh6 Rxa7 79.Rh8+ Kf7
80.Rh7+  1-0

[Event "EU-chB18"]
[Site "Herceg Novi MNE"]
[Date "2006.09.13"]
[Round "4"]
[White "Pankov,Ger"]
[Black "Tukhaev,A"]
[Result "0-1"]
[WhiteElo "2344"]
[BlackElo "2459"]

1.d4 Nf6 2.c4 g6 3.Nc3 Bg7 4.e4 O-O 5.Nf3 d6 6.Be2 e5 7.dxe5 dxe5 8.Qxd8 Rxd8
9.Bg5 Re8 10.Nd5 Nxd5 11.cxd5 c6 12.Bc4 b5 13.Bb3 c5 14.a4 c4 15.Bd1 Nd7
16.Be3 Ba6 17.Nd2 f5 18.axb5 Bxb5 19.f3 Bf8 20.Ba4 a6 21.Nxc4 Bxc4 22.Bxd7 Reb8
23.O-O-O Rb3 24.Bd2 Rab8 25.Bg5 Rxb2 26.d6 fxe4 27.fxe4 Bxd6 28.Rxd6 Rb1+
29.Kc2 Rxh1 30.Kc3 Bf7 31.Bf6 Rxh2 32.Bh3 Rb3+  0-1

[Event "EU-chG16"]
[Site "Herceg Novi MNE"]
[Date "2006.09.13"]
[Round "4"]
[White "Khazhomia,S"]
[Black "Zikeli,S"]
[Result "0-1"]
[WhiteElo "2116"]
[BlackElo "2016"]

1.d4 Nf6 2.c4 g6 3.Nc3 Bg7 4.e4 d6 5.Be2 O-O 6.Nf3 e5 7.d5 a5 8.O-O Ne8 9.b3 Nd7
10.a3 f5 11.Nd2 Nef6 12.f3 f4 13.Bb2 g5 14.b4 h5 15.Na4 Rf7 16.c5 g4 17.Qe1 Bf8
18.c6 Nb6 19.cxb7 Bxb7 20.Nxb6 cxb6 21.Nc4 Rg7 22.Qf2 Nd7 23.fxg4 hxg4 24.g3 Nf6
25.Bd3 Nh5 26.Kg2 Ba6 27.Qd2 Qg5 28.Rad1 Raa7 29.b5 Bxb5 30.Nxb6 Bxd3 31.Qxd3 Rab7
32.Nc4 Rh7 33.Rh1 Rh6 34.Bc1 a4 35.Na5 Rbh7 36.Rdf1 Nxg3 37.Qxg3 Rh3 38.Qe1 Qh6
39.Rfg1 Rxh2+ 40.Rxh2 Qxh2+ 41.Kf1 Qh3+ 42.Rg2 f3 43.Qd2 Bh6  0-1

[Event "5th Open"]
[Site "Izmir TUR"]
[Date "2006.09.13"]
[Round "4"]
[White "Kadimova,I"]
[Black "Valansi,A"]
[Result "1/2-1/2"]
[WhiteElo "2330"]
[BlackElo "2123"]

1.d4 Nf6 2.c4 g6 3.Nc3 Bg7 4.e4 d6 5.Be2 O-O 6.Nf3 e5 7.Be3 Nbd7 8.O-O c6
9.d5 c5 10.Nd2 Ne8 11.g4 Bf6 12.Bh6 Bg7 13.Be3 Bf6 14.Nf3 Nb6 15.h3 Bd7 16.Kh2 Nc8
17.Rg1 Ng7 18.Bh6 Kh8 19.Qd2 Rg8 20.Bd3 Be7 21.Rg2 Bf8 22.Rag1 a6 23.a3 b6
24.b4 f6 25.Be3 Be7 26.Rb1 Qc7 27.Ne2 Na7 28.bxc5 bxc5 29.Ng3 Rab8 30.Rgg1 Rxb1
31.Rxb1 Rb8 32.Rxb8+ Qxb8 33.Qa5 Qb7 34.Bc2 Nc8 35.Ba4 Qb6 36.Qxb6 Nxb6 37.Bxd7 Nxd7
38.Nd2 Bd8 39.Ne2 f5 40.exf5 gxf5 41.gxf5 Nxf5 42.Ng3 Nxg3 43.Kxg3 Kg7 44.Ne4 Be7
45.Kf3 Kg6 46.Ke2 Kf5 47.Kd3 h5 48.Bd2 h4 49.Ba5 Nf6 50.Nxf6 Bxf6 51.Bd2 e4+
52.Ke2 Ke5  1/2-1/2

[Event "ch-EU"]
[Site "Liverpool ENG"]
[Date "2006.09.13"]
[Round "8"]
[White "Knott,S"]
[Black "White,Mi"]
[Result "1-0"]
[WhiteElo "2387"]
[BlackElo "2239"]

1.Nf3 Nf6 2.c4 g6 3.Nc3 Bg7 4.e4 d6 5.d4 O-O 6.Be2 e5 7.O-O Na6 8.Be3 Ng4
9.Bg5 Qe8 10.c5 exd4 11.Nd5 Qxe4 12.Ne7+ Kh8 13.cxd6 Nc5 14.Bc4 d3 15.Rc1 Ne5
16.Re1 Nxf3+ 17.gxf3 Qd4 18.dxc7 Qxb2 19.Bxd3 Ne6 20.Bh4 a5 21.Bg3 b5 22.Be4 Ra7
23.Bd5 Qf6 24.Nxc8 Rxc8 25.Bxe6 fxe6 26.Qd7 Raa8 27.Rxe6 Qf5 28.Rd1 Rg8 29.Rb6 Be5
30.Rxb5 Qxd7 31.Rxd7 Bxg3 32.fxg3 a4 33.Re5 Rg7 34.Rd8+ Rg8 35.Red5 Raxd8
36.Rxd8 Rxd8 37.cxd8=Q+  1-0

[Event "ch-EU"]
[Site "Liverpool ENG"]
[Date "2006.09.14"]
[Round "9"]
[White "Medvegy,Z"]
[Black "Brandenburg,D"]
[Result "1/2-1/2"]
[WhiteElo "2518"]
[BlackElo "2392"]

1.d4 Nf6 2.c4 g6 3.Nc3 Bg7 4.e4 d6 5.Nf3 O-O 6.Be2 Na6 7.O-O e5 8.Be3 Ng4
9.Bg5 Qe8 10.dxe5 dxe5 11.h3 f6 12.Bd2 Nh6 13.Be3 c6 14.c5 Nf7 15.Bxa6 bxa6
16.Qa4 Rb8 17.b3 f5 18.exf5 gxf5 19.Rfe1 Rb7 20.Rad1 Re7 21.Qh4 Re6 22.Ng5 Nxg5
23.Bxg5 h6 24.Bc1 Qg6 25.Ba3 e4 26.Ne2 Bf6 27.Qg3 Be5 28.Nf4 Qxg3 29.fxg3 Ree8
30.Bb4 Kf7 31.Ba5 Rg8 32.Re3 Re7 33.Ne2 h5 34.Kf2 Rd7 35.Rxd7+ Bxd7 36.Bc3 Bc7
37.Bd2 Re8 38.b4 Be6 39.Ra3 Bc4 40.Bf4 Bxf4 41.Nxf4 Kf6 42.Ke3 Ke5 43.Ng6+ Kf6
44.Nf4 Ke5 45.Nxh5 Rb8 46.Ra4 Rg8 47.Kf2 Rd8 48.Nf4 Rd1 49.Ke3 Re1+ 50.Kd2 Rb1
51.Ke3 Re1+ 52.Kd2 Rb1 53.Ke3 Re1+ 54.Kd2 Rb1  1/2-1/2

[Event "3rd Szeged Cup"]
[Site "Szeged HUN"]
[Date "2006.09.15"]
[Round "7"]
[White "Olarasu,G"]
[Black "Baki,P2"]
[Result "1-0"]
[WhiteElo "2222"]
[BlackElo "2110"]

1.d4 Nf6 2.Nf3 d6 3.c4 g6 4.Nc3 Bg7 5.e4 O-O 6.Be2 e5 7.d5 c6 8.O-O cxd5
9.cxd5 a5 10.Bg5 h6 11.Bh4 Na6 12.Nd2 g5 13.Bg3 Nc5 14.Kh1 Bd7 15.f3 Rc8
16.Bf2 Ne8 17.Rc1 f5 18.exf5 Bxf5 19.Nde4 b6 20.a3 Nf6 21.Ng3 Bg6 22.b4 Ncd7
23.Bd3 Bf7 24.Nf5 axb4 25.axb4 Nxd5 26.Nxd5 Bxd5 27.Rxc8  1-0

[Event "Open A"]
[Site "Graz AUT"]
[Date "2006.09.16"]
[Round "1"]
[White "Schuurman,P"]
[Black "Bergen,K"]
[Result "1-0"]
[WhiteElo "2219"]
[BlackElo "1997"]

1.d4 Nf6 2.c4 g6 3.Nc3 Bg7 4.e4 d6 5.Be2 O-O 6.Nf3 e5 7.Be3 c6 8.O-O exd4
9.Nxd4 Re8 10.f3 d5 11.cxd5 cxd5 12.Qb3 Nc6 13.Rfd1 Qa5 14.Ncb5 dxe4 15.Bc4 Ne5
16.Nd6 Rf8 17.N4b5 Nxc4 18.Nxc4 Qa6 19.Rd6 b6 20.Nc7 Qb7 21.Nxa8 Qxa8 22.Bd4 Be6
23.Qc3 Nh5 24.Bxg7 Nxg7 25.Ne3 exf3 26.g3 Nf5 27.Nxf5 Bxf5 28.Rad1 f2+ 29.Kxf2 Bh3
30.Qc6 Qb8 31.a3 Rc8 32.Qd5 Rc2+ 33.Rd2 Qc7 34.Rd8+ Kg7 35.Qd6 Rxd2+ 36.Qxd2 Qc6
37.Qc3+ Qxc3 38.bxc3 Be6 39.Ra8  1-0

[Event "EU-chB18"]
[Site "Herceg Novi MNE"]
[Date "2006.09.17"]
[Round "7"]
[White "Gonda,L"]
[Black "Vocaturo,D"]
[Result "1-0"]
[WhiteElo "2447"]
[BlackElo "2410"]

1.d4 Nf6 2.c4 g6 3.Nc3 Bg7 4.e4 d6 5.Be2 O-O 6.Nf3 e5 7.O-O Qe8 8.dxe5 dxe5
9.Be3 b6 10.Nd5 Na6 11.Nxf6+ Bxf6 12.a3 c6 13.b4 Bg4 14.Nd2 Be6 15.Qa4 Nc7
16.Rad1 Bd7 17.Nf3 Ne6 18.Rfe1 Nd4 19.Nxd4 exd4 20.Bh6 c5 21.Qb3 Ba4 22.Qf3 Bg7
23.Bxg7 Kxg7 24.Rd2 Bc6 25.Bd3 f5 26.Qe2 f4 27.f3 Qe5 28.bxc5 bxc5 29.Rb1 g5
30.Rdb2 Rf6 31.Qd1 Rd8 32.Qe1 g4 33.Qh4 g3 34.Rb7+ Bd7 35.Rxd7+  1-0

[Event "EU-chB18"]
[Site "Herceg Novi MNE"]
[Date "2006.09.17"]
[Round "7"]
[White "Lenic,L"]
[Black "Grigoryan,Av"]
[Result "1-0"]
[WhiteElo "2500"]
[BlackElo "2396"]

1.d4 Nf6 2.c4 g6 3.Nc3 Bg7 4.e4 d6 5.Nf3 O-O 6.Be2 e5 7.O-O Na6 8.Be3 Ng4
9.Bg5 Qe8 10.c5 h6 11.Bh4 dxc5 12.Bxa6 cxd4 13.Nd5 bxa6 14.Nxc7 Qc6 15.Rc1 Qxe4
16.h3 Rb8 17.Be7 Nf6 18.Re1 Qf4 19.Nxe5 Bb7 20.Bxf8 Bxf8 21.Qb3 Ne4 22.Nd3 Qg5
23.Ne6 Nc5 24.Nxg5 Nxb3 25.axb3 hxg5 26.b4 Bd5 27.Re5 Be6 28.Rc6 Bf5 29.Rxf5 gxf5
30.Rxa6 Bxb4 31.Rxa7 Rb5 32.Kf1 Kg7 33.Ke2 Kf6 34.Rd7 Ke6 35.Rxd4 Bd6 36.b4 Rb8
37.Kd2 f6 38.Kc2 Ra8 39.Kb3 Ra1 40.Kc4 Ra2 41.Kb3 Ra1 42.Nc5+ Ke7 43.Rd2 Rg1
44.f3 Bf4 45.Re2+ Kd6 46.Kc4 Rc1+ 47.Kb5 Rg1 48.Re6+ Kd5 49.Rxf6 Ke5 50.Re6+ Kd4
51.Re2 Kc3 52.Na4+ Kd3 53.Ra2 Rb1 54.Nc5+ Kc3 55.Ra3+ Kc2 56.Kc4 Kd2 57.Ra2+ Ke3
58.Nb3 Be5 59.b5 Rb2 60.Rxb2 Bxb2 61.Nc5 Be5 62.Kd5 Bh2 63.Ne6 Kf2 64.Nxg5 Kxg2
65.Ke6 Kg3 66.Kxf5 Bg1 67.Ke4 Kh4 68.f4 Bb6 69.Ne6 Kxh3 70.f5  1-0

[Event "5th Open"]
[Site "Izmir TUR"]
[Date "2006.09.17"]
[Round "8"]
[White "Kadimova,I"]
[Black "Jordanova,S"]
[Result "1/2-1/2"]
[WhiteElo "2330"]
[BlackElo "2230"]

1.d4 Nf6 2.c4 g6 3.Nc3 Bg7 4.e4 d6 5.Be2 O-O 6.Nf3 Na6 7.O-O e5 8.Be3 Ng4
9.Bg5 Qe8 10.dxe5 h6 11.Bh4 dxe5 12.Nd2 Nf6 13.Nd5 Qd8 14.Qc2 c6 15.Ne3 Nc5
16.Rfd1 Qe8 17.a3  1/2-1/2

[Event "XVI WSen"]
[Site "Arvier ITA"]
[Date "2006.09.18"]
[Round "7"]
[White "Hvenekilde,J"]
[Black "Beltrami,N"]
[Result "1-0"]
[WhiteElo "2181"]
[BlackElo "2055"]

1.d4 Nf6 2.c4 g6 3.Nc3 Bg7 4.e4 d6 5.Nf3 O-O 6.Be2 e5 7.O-O Na6 8.Re1 exd4
9.Nxd4 Nc5 10.f3 a5 11.Be3 c6 12.Qd2 Re8 13.Rad1 Qc7 14.Kh1 Bf8 15.b3 Nfd7
16.Bg1 Ne5 17.Bf1 Qe7 18.h3 Qh4 19.Qf2 Qh5 20.Bh2 Be7 21.f4 Ned7 22.Nf3 Bf8
23.g4 Qh6 24.Bg2 Qg7 25.Qd2 Nb6 26.Bg1 a4 27.Qc2 axb3 28.axb3 Ra3 29.Nd4 Qh6
30.Bh2 Bg7 31.Nce2 Qh4 32.Bg3 Qe7 33.Nc1 Be6 34.Nde2 Rea8 35.f5 Bd7 36.Bxd6 Qd8
37.Bxc5 R3a6 38.Qd2 h5 39.gxh5 Qh4 40.hxg6 Be5 41.gxf7+ Kh7 42.f8=Q Rxf8
43.Bxf8  1-0

[Event "XVI WSen"]
[Site "Arvier ITA"]
[Date "2006.09.18"]
[Round "7"]
[White "Maurer,F"]
[Black "Zelkind,E"]
[Result "0-1"]
[WhiteElo "2121"]
[BlackElo "2232"]

1.d4 Nf6 2.c4 g6 3.Nc3 Bg7 4.e4 d6 5.Nf3 O-O 6.Be2 e5 7.Be3 Ng4 8.Bg5 f6
9.Bc1 Kh8 10.O-O Nc6 11.d5 Ne7 12.h3 Nh6 13.b4 a5 14.Ba3 g5 15.Nd2 f5 16.c5 axb4
17.Bxb4 Ng6 18.cxd6 cxd6 19.Nc4 Rf6 20.exf5 Bxf5 21.Ne3 Nf4 22.Nxf5 Nxf5
23.Ne4 Rh6 24.Bg4 Nd4 25.Rc1 Nxd5 26.Bd2 Bf6 27.g3 Be7 28.h4 Rg6 29.Bh5 Rg7
30.Nxg5 Qg8 31.Be3 Nxe3 32.fxe3 Bxg5  0-1

[Event "Open A"]
[Site "Graz AUT"]
[Date "2006.09.18"]
[Round "3"]
[White "Schuurman,P"]
[Black "Papakonstantinou,S"]
[Result "1-0"]
[WhiteElo "2219"]
[BlackElo "2147"]

1.d4 Nf6 2.c4 g6 3.Nc3 Bg7 4.e4 d6 5.Be2 O-O 6.Nf3 e5 7.Be3 Ng4 8.Bg5 f6
9.Bh4 Nc6 10.d5 Ne7 11.Nd2 Nh6 12.f3 c5 13.a3 g5 14.Bf2 f5 15.b4 b6 16.bxc5 bxc5
17.Rb1 Ng6 18.g3 Bf6 19.Qa4 Be7 20.O-O Bd7 21.Qa6 Bc8 22.Qc6 Bd7 23.Qb7 g4
24.fxg4 f4 25.Nb5 Bxg4 26.Bxg4 Nxg4 27.Nc7 Rb8 28.Qxa7 Rxb1 29.Nxb1 fxg3
30.hxg3 Qd7 31.Nb5 Qe8 32.Nd2 Nxf2 33.Rxf2 Rxf2 34.Kxf2 Qc8 35.Nf3 Qg4 36.Qb8+ Kg7
37.Nxd6 Bxd6 38.Qxd6 Qxe4 39.Qc7+ Kh6 40.Qxh7+ Kxh7 41.Ng5+  1-0

[Event "Open A"]
[Site "Graz AUT"]
[Date "2006.09.18"]
[Round "3"]
[White "Danner,G"]
[Black "Seuss,O"]
[Result "1-0"]
[WhiteElo "2411"]
[BlackElo "2154"]

1.d4 Nf6 2.c4 g6 3.Nc3 Bg7 4.e4 d6 5.Be2 O-O 6.Nf3 e5 7.d5 a5 8.O-O Na6 9.Qc2 Bd7
10.a3 Nc5 11.Be3 Ng4 12.Bxc5 dxc5 13.Rad1 Qe7 14.Nb5 Bxb5 15.cxb5 Rfd8 16.Nd2 Nf6
17.Nc4 Ne8 18.b6 Nd6 19.bxc7 Qxc7 20.b3 Nb5 21.Qd3 Nd4 22.a4 b6 23.Rde1 Rdb8
24.Bd1 b5 25.axb5 Rxb5 26.f4 Rab8 27.d6 Qa7 28.fxe5 Rxb3 29.Bxb3 Rxb3 30.Qd2 Rb4
31.Qg5 Ne6 32.Qe7 Rb7 33.Qe8+ Nf8 34.Rd1 a4 35.e6 fxe6 36.d7  1-0

[Event "EU-chB16"]
[Site "Herceg Novi MNE"]
[Date "2006.09.18"]
[Round "8"]
[White "Schiendorfer,E"]
[Black "Bekarovski,F"]
[Result "1/2-1/2"]
[WhiteElo "2066"]
[BlackElo "1886"]

1.d4 Nf6 2.c4 g6 3.Nc3 Bg7 4.e4 d6 5.Nf3 O-O 6.Be2 Na6 7.O-O e5 8.Re1 c6
9.a3 Qe7 10.dxe5 dxe5 11.Qc2 h6 12.h3 Nh5 13.b4 Nf4 14.Bxf4 exf4 15.Rad1 Nc7
16.c5 Be6 17.Rd6 g5 18.a4 Rfd8 19.Red1 Ne8 20.R6d3 Nf6 21.Qd2 Rd7 22.Rxd7 Nxd7
23.Nd4 Rd8 24.Nxe6 fxe6 25.Bc4 Kf7 26.Ne2 Bf6 27.Qc2 Ne5 28.Bb3 Ng6 29.Rxd8 Qxd8
30.b5 Ke7 31.bxc6  1/2-1/2

[Event "EU-chB18"]
[Site "Herceg Novi MNE"]
[Date "2006.09.18"]
[Round "8"]
[White "Moranda,W"]
[Black "Lenic,L"]
[Result "1-0"]
[WhiteElo "2446"]
[BlackElo "2500"]

1.d4 Nf6 2.c4 g6 3.Nc3 Bg7 4.e4 d6 5.Nf3 O-O 6.Be2 e5 7.Be3 Ng4 8.Bg5 f6
9.Bh4 g5 10.Bg3 Nh6 11.d5 Nd7 12.Nd2 f5 13.exf5 Nxf5 14.Nde4 h6 15.Bd3 Nf6
16.Nxf6+ Qxf6 17.Ne4 Qe7 18.f3 c5 19.Bf2 Bd7 20.Rb1 Nd4 21.b4 cxb4 22.Rxb4 b6
23.O-O Rf4 24.Be3 Raf8 25.Rb1 Nf5 26.Bd2 Rh4 27.Rf2 Nd4 28.Bb4 Qf7 29.Bxd6 Qh5
30.Ng3 Qf7 31.Bxf8 Bxf8 32.Ne4 Rf4 33.Qd2 Bf5 34.Re1 Bxe4 35.Rxe4 Bc5 36.Rxf4 exf4
37.Kh1 Nf5 38.Bxf5 Qxf5 39.Rf1 Be3 40.Qe2 Kf7 41.Rd1 Ke7 42.Qd3 Qf7 43.Qe4+ Kd6
44.g3 Qf6 45.Qe6+ Qxe6 46.dxe6+ Kxe6 47.Rd5 a6 48.a4 fxg3 49.hxg3 Bc5 50.Kg2 Bd6
51.g4  1-0

[Event "EU-chB18"]
[Site "Herceg Novi MNE"]
[Date "2006.09.19"]
[Round "9"]
[White "Gonda,L"]
[Black "Jojua,D"]
[Result "1/2-1/2"]
[WhiteElo "2447"]
[BlackElo "2371"]

1.d4 Nf6 2.c4 g6 3.Nc3 Bg7 4.e4 d6 5.Nf3 O-O 6.Be2 Nbd7 7.O-O e5 8.Qc2 exd4
9.Nxd4 Re8 10.Be3 c6 11.Rad1 a5 12.f3 Qe7 13.Rfe1 Nc5 14.Qd2 Nfd7 15.Bf1 a4
16.Nc2 Ne6 17.b4 axb3 18.axb3 Qf6 19.Na4 Nec5 20.Nxc5 dxc5 21.Ra1 Rxa1 22.Rxa1 Qb2
23.Ra3  1/2-1/2

[Event "12th DDS League and Open"]
[Site "Tuzla BIH"]
[Date "2006.09.19"]
[Round "8"]
[White "Cengija,V"]
[Black "Omercic,A"]
[Result "1-0"]
[WhiteElo "2304"]
[BlackElo "2145"]

1.d4 Nf6 2.c4 g6 3.Nc3 Bg7 4.e4 d6 5.Nf3 O-O 6.Be2 Nbd7 7.O-O e5 8.Re1 c6
9.d5 cxd5 10.cxd5 Nh5 11.g3 a6 12.Be3 b5 13.Nd2 Nhf6 14.b4 Nb6 15.a4 bxa4
16.Nxa4 Nxa4 17.Qxa4 Bd7 18.Qb3 Bb5 19.Bxb5 axb5 20.f3 Nd7 21.Qd3 f5 22.Rxa8 Qxa8
23.Qxb5 Nf6 24.Qc6 Qa2 25.Qxd6 f4 26.gxf4 exf4 27.Bxf4 Nd7 28.Be3 Ne5 29.Rf1 Qb2
30.Qc5 Nd3 31.Qc4 Nf4 32.Kh1 Bc3 33.d6+ Kg7 34.Rb1  1-0

[Event "14th Bora Kostic Mem"]
[Site "Vrsac SCG"]
[Date "2006.09.19"]
[Round "7"]
[White "Markus,R"]
[Black "Damljanovic,B"]
[Result "1/2-1/2"]
[WhiteElo "2586"]
[BlackElo "2625"]

1.d4 Nf6 2.c4 g6 3.Nc3 Bg7 4.e4 d6 5.Nf3 O-O 6.Be2 Na6 7.O-O e5 8.Be3 c6
9.d5 Ng4 10.Bg5 f6 11.Bh4 c5 12.Ne1 Nh6 13.a3 Qe7 14.Nd3 g5 15.Bg3 f5 16.f3 f4
17.Bf2 Bd7 18.b4 b6 19.Rb1 Bf6 20.bxc5 bxc5 21.Rb7 Rfb8 22.Rxb8+ Rxb8 23.Nb5 Rb7
24.h3 Nf7 25.Qc2 Qf8 26.Rb1 Qb8 27.Rb2 Bd8 28.Be1 Bb6 29.Qb1 Bd8 30.Bd1 h5
31.Kf1 Nc7 32.Ba4 Nxb5 33.Bxb5 Bc8 34.Bc3 Kf8 35.Ke2 Qc7 36.Ba4 Rb6 37.Rxb6 Qxb6
38.Qb5 Qxb5 39.cxb5 Ke7 40.Bb3 g4 41.hxg4 hxg4 42.a4 gxf3+ 43.gxf3 Kd7 44.Bc4 Kc7
45.Nb2 Kb7 46.Bd3 Bd7 47.Nc4 Bc7 48.Be1 Bd8 49.Bc3  1/2-1/2

[Event "Open A"]
[Site "Graz AUT"]
[Date "2006.09.20"]
[Round "5"]
[White "Pilaj,H"]
[Black "Webersberger,J"]
[Result "1-0"]
[WhiteElo "2380"]
[BlackElo "2264"]

1.d4 Nf6 2.c4 d6 3.Nc3 g6 4.e4 Bg7 5.Be2 O-O 6.Be3 e5 7.Nf3 h6 8.d5 Ng4 9.Bd2 f5
10.O-O f4 11.c5 Nd7 12.c6 bxc6 13.dxc6 Nc5 14.Bc4+ Kh7 15.b4 Ne6 16.Nd5 Nf6
17.Nxf6+ Qxf6 18.b5 g5 19.Ne1 Nd4 20.Bc3 f3 21.Nxf3 Bg4 22.Bxd4 exd4 23.Be2 Bxf3
24.Bxf3 Qf4 25.Be2 d3 26.Bxd3 Bxa1 27.Qxa1 Qe5 28.Qxe5 dxe5 29.Bc4 Rfd8 30.Bd5 Rab8
31.a4 Rb6 32.Rc1 a6 33.Rc5 axb5 34.axb5 Kg7 35.g3 Kf6 36.Kg2 Rdb8 37.Bc4 Rd8
38.Be2 Rd4 39.Kf3 Rb8 40.Ke3 Ra8 41.Rxe5  1-0

[Event "USCL"]
[Site "ICC INT"]
[Date "2006.09.20"]
[Round "4"]
[White "Readey,J"]
[Black "Bereolos,P"]
[Result "1/2-1/2"]
[WhiteElo "2300"]
[BlackElo "2294"]

1.Nf3 Nf6 2.c4 g6 3.Nc3 Bg7 4.e4 d6 5.d4 O-O 6.Be2 e5 7.O-O Na6 8.Re1 c6
9.Bf1 exd4 10.Nxd4 Ng4 11.h3 Qb6 12.hxg4 Qxd4 13.g5 Qxd1 14.Rxd1 Be5 15.Be3 Nc5
16.f3 a5 17.Rac1 a4 18.Rc2 f6 19.gxf6 Rxf6 20.Ne2 Ne6 21.f4 Nxf4 22.Nxf4 Bxf4
23.Bxf4 Rxf4 24.Rxd6 Bg4 25.Bd3 Kf7 26.c5 Ke7 27.Rd4 Be6 28.Bc4 Ra5 29.Bxe6 Kxe6
30.Rb4 Rb5 31.Rxb5 cxb5 32.c6 bxc6 33.Rxc6+ Kd7  1/2-1/2

[Event "USCL"]
[Site "ICC INT"]
[Date "2006.09.20"]
[Round "4"]
[White "Perelshteyn,E"]
[Black "Smith,Bry"]
[Result "1-0"]
[WhiteElo "2544"]
[BlackElo "2381"]

1.d4 Nf6 2.c4 g6 3.Nc3 Bg7 4.e4 O-O 5.Nf3 d6 6.Be2 e5 7.Be3 c6 8.O-O exd4
9.Nxd4 Re8 10.Qc2 Qe7 11.Bf3 Nbd7 12.h3 Nc5 13.Rfe1 a5 14.Rad1 a4 15.Bc1 Nfd7
16.Be2 Nf8 17.Bf1 Qf6 18.Nf3 h6 19.Be3 a3 20.Bd4 Qe7 21.Bxg7 Kxg7 22.b4 Nce6
23.Qd2 Qf6 24.Re3 Rd8 25.Nb1 d5 26.cxd5 cxd5 27.exd5 Nf4 28.Nc3 Be6 29.d6 Nd7
30.Nd4 Nb6 31.Ne4 Qe5 32.Nc5 Qg5 33.Ndxe6+ fxe6 34.Nxe6+ Nxe6 35.Rxe6 Qxd2
36.Rxd2 Re8 37.Rxe8 Rxe8 38.d7 Rd8 39.Bb5 Na8 40.Re2  1-0

[Event "2nd Geller Mem Open-A"]
[Site "Odessa UKR"]
[Date "2006.09.20"]
[Round "2"]
[White "Shishkin,Va UKR"]
[Black "Kovalenko,I"]
[Result "1/2-1/2"]
[WhiteElo "2529"]
[BlackElo "2325"]

1.d4 Nf6 2.c4 g6 3.Nc3 Bg7 4.e4 d6 5.Be2 O-O 6.Nf3 e5 7.Be3 Ng4 8.Bg5 f6
9.Bh4 Qe8 10.h3 Nh6 11.dxe5 dxe5 12.O-O Na6 13.Qc2 c6 14.Rad1 Nc5 15.b4 Ne6
16.c5 a5 17.a3 axb4 18.axb4 Nf4 19.Bc4+ Be6 20.Na4 Nf7 21.Nd2 Bxh3 22.gxh3 Qc8
23.Bg3 Qxh3 24.Bxf4 exf4 25.Qb3 Qg4+ 26.Kh2 Qh4+ 27.Kg2 Qg4+ 28.Kh2  1/2-1/2

[Event "19th Moratalaz Open"]
[Site "Madrid ESP"]
[Date "2006.09.21"]
[Round "4"]
[White "Barria,D"]
[Black "Martinez de Miguel,P"]
[Result "1-0"]
[WhiteElo "2420"]
[BlackElo "2112"]

1.d4 Nf6 2.c4 g6 3.Nc3 Bg7 4.e4 d6 5.Nf3 O-O 6.Be2 e5 7.d5 Nbd7 8.Qc2 a5
9.a3 Nc5 10.Be3 Nh5 11.g3 f5 12.Nd2 f4 13.Bxc5 dxc5 14.g4 f3 15.Bxf3 Nf4
16.h4 Rf7 17.O-O-O Bf8 18.Rdg1 Ra6 19.Kb1 Be7 20.h5 Bg5 21.Bd1 Qf6 22.Nf3 Rd6
23.Nb5 Rd8 24.Qc3 c6 25.Na7 cxd5 26.cxd5 Re7 27.d6 Red7 28.Qxc5 b6 29.Qc4+ Qe6
30.Qxe6+ Nxe6 31.Nxc8  1-0

[Event "Open A"]
[Site "Graz AUT"]
[Date "2006.09.22"]
[Round "7"]
[White "Danner,G"]
[Black "Webersberger,J"]
[Result "1-0"]
[WhiteElo "2411"]
[BlackElo "2264"]

1.d4 Nf6 2.Nf3 g6 3.c4 Bg7 4.Nc3 O-O 5.e4 d6 6.Be2 e5 7.d5 a5 8.Bg5 h6 9.Bh4 Na6
10.Nd2 Qe8 11.a3 Bd7 12.b3 Nh7 13.O-O h5 14.f3 Bh6 15.Rb1 Be3+ 16.Bf2 Bxf2+
17.Rxf2 f5 18.b4 axb4 19.axb4 Qe7 20.c5 dxc5 21.b5 Nb4 22.Nc4 Nf6 23.b6 cxb6
24.Nxb6 Ra3 25.Qc1 Ra5 26.d6 Qe6 27.Qh6 Qf7 28.Bc4 Be6 29.Bxe6 Qxe6 30.Qxg6+ Kh8
31.exf5 Qxd6 32.Qh6+ Kg8 33.Qg5+ Kh8 34.Qh6+ Kg8 35.Nc4 Qd4 36.Nxa5 Qxc3
37.Rc1 Qa3 38.Nc4  1-0

[Event "15th TCh-CRO"]
[Site "Sibenik CRO"]
[Date "2006.09.22"]
[Round "1"]
[White "Muse,M"]
[Black "Novak,Danij"]
[Result "1/2-1/2"]
[WhiteElo "2443"]
[BlackElo "2356"]

1.Nf3 Nf6 2.c4 g6 3.Nc3 Bg7 4.e4 d6 5.d4 O-O 6.Be2 Na6 7.O-O e5 8.Re1 Qe8
9.Bf1 Bg4 10.d5 Nb4 11.Be2 a5 12.Be3 b6 13.h3 Bd7 14.Nh2 Kh8 15.Nf1 Ng8 16.Qd2 f5
17.exf5 gxf5 18.f4 Qg6 19.Kh1 Nf6 20.Nh2 Ne4 21.Nxe4 fxe4 22.fxe5 Bxe5 23.Bd4 Bxd4
24.Qxd4+ Qg7 25.Qxg7+ Kxg7 26.Rf1 Rxf1+ 27.Nxf1 Kf6 28.a3 Nc2 29.Rc1 Nd4
30.Re1 Nc2 31.Rc1 Nd4 32.Re1 Nc2  1/2-1/2

[Event "XVI Gros Open"]
[Site "San Sebastian ESP"]
[Date "2006.09.23"]
[Round "3"]
[White "Garcia Nestar,D"]
[Black "Osa Astrain,R"]
[Result "1-0"]
[WhiteElo "1470"]
[BlackElo "2020"]

1.d4 Nf6 2.c4 g6 3.Nc3 Bg7 4.Nf3 O-O 5.e4 d6 6.Be2 e5 7.d5 c6 8.O-O Na6 9.Be3 Ng4
10.Bg5 Qc7 11.h3 Nf6 12.Qc2 Bd7 13.Rad1 cxd5 14.Bxf6 Bxf6 15.Nxd5 Qd8 16.Nxf6+ Qxf6
17.Qd2 Bc6 18.Qxd6 Qxd6 19.Rxd6 f6 20.Nd2 Rad8 21.Rxd8 Rxd8 22.Rd1 Nc5 23.f3 Na4
24.Nb3 Rxd1+ 25.Bxd1 Nxb2 26.Be2 b6 27.c5 Na4 28.cxb6 Nc3 29.Bc4+ Kf8 30.bxa7 Ke7
31.Na5 Ba8 32.Ba6 Na4 33.Bb7 Bxb7 34.Nxb7 Nb6 35.Kf2 Kd7 36.Kg3  1-0

[Event "Tatry Open"]
[Site "Tatranske Zruby SVK"]
[Date "2006.09.23"]
[Round "1"]
[White "Perasin,M"]
[Black "Chovanec,M"]
[Result "0-1"]
[WhiteElo "1899"]
[BlackElo "2184"]

1.d4 Nf6 2.Nf3 g6 3.c4 Bg7 4.Nc3 O-O 5.e4 d6 6.Be2 e5 7.d5 a5 8.O-O Na6 9.Be3 Ng4
10.Bg5 f6 11.Bh4 h5 12.h3 Nh6 13.Nd2 Bd7 14.f3 Nf7 15.a3 Bh6 16.Kh2 Nc5 17.Nb3 Na4
18.Nxa4 Bxa4 19.Qd3 Bxb3 20.Qxb3 b6 21.Bf2 Kg7 22.Be3 h4 23.Bxh6+ Nxh6 24.Rg1 Nf7
25.Raf1 Qe7 26.Qe3 g5 27.Bd3 Nh8 28.g3 hxg3+ 29.Rxg3 Ng6 30.Rg4 Rh8 31.Rfg1 Rh6
32.R1g3 Rah8 33.Bf1 Kf7 34.Qb3 Nf4 35.Bg2 Kg6 36.Qd1 Qh7 37.Qf1 a4 38.Rxf4 exf4
39.Rg4 Rh4 40.Kg1 Rxh3 41.Bxh3 Qxh3 42.Qxh3 Rxh3 43.Kg2 Rh8 44.Kg1 f5 45.exf5+ Kxf5
46.Rg2 Re8 47.Rc2 Re3 48.Kf2 g4 49.fxg4+ Kxg4 50.Rd2 Rh3 51.Kg2 f3+ 52.Kg1 Kg3
53.Rc2 f2+ 54.Rxf2 Rh1+ 55.Kxh1 Kxf2 56.Kh2 Ke3  0-1

[Event "15th TCh-CRO"]
[Site "Sibenik CRO"]
[Date "2006.09.24"]
[Round "3"]
[White "Petkov,V"]
[Black "Ljubicic,F"]
[Result "1-0"]
[WhiteElo "2480"]
[BlackElo "2417"]

1.d4 Nf6 2.c4 g6 3.Nc3 d6 4.e4 Bg7 5.Nf3 O-O 6.Be2 e5 7.d5 a5 8.Bg5 Na6 9.Nd2 Qe8
10.h4 h6 11.Be3 h5 12.f3 Bd7 13.Nf1 Qc8 14.Qd2 Nc5 15.Ng3 c6 16.Rc1 cxd5
17.cxd5 Qe8 18.Nb1 b6 19.Na3 Nh7 20.Nc4 Qb8 21.b3 Re8 22.Rc2 Bf6 23.Bf2 Be7
24.Nf1 Qc7 25.Na3 Rec8 26.Ne3 Qd8 27.Bb5 Bxb5 28.Nxb5 Qd7 29.Qe2 f5 30.Nc3 Nf6
31.exf5 gxf5 32.O-O Rf8 33.Qb5 Qxb5 34.Nxb5 f4 35.Nf5 Nxd5 36.Nxe7+ Nxe7
37.Nxd6 a4 38.Bxc5 bxc5 39.Rxc5 axb3 40.axb3 Ra3 41.Rxe5 Ng6 42.Rb5 Kg7 43.Rc1 Nxh4
44.Rxh5 Ng6 45.Rc7+ Kf6 46.Ne4+  1-0

[Event "Vojvodina Quality League m"]
[Site "Sremska Mitrovica SRB"]
[Date "2006.09.24"]
[Round "4"]
[White "Cengija,V"]
[Black "Bulajic,R"]
[Result "1/2-1/2"]
[WhiteElo "2304"]
[BlackElo "2286"]

1.d4 Nf6 2.c4 g6 3.Nc3 Bg7 4.e4 d6 5.Nf3 O-O 6.Be2 e5 7.O-O Nbd7 8.Re1 c6
9.Bf1 h6 10.Rb1 exd4 11.Nxd4 Re8 12.Nc2 Nc5 13.f3 a5 14.Be3 Ne6 15.Qd2 Kh7
16.Rbd1 Bf8 17.Qf2 Nd7 18.f4 Qe7 19.Bc1 Bg7 20.g3 a4 21.a3 Ndc5 22.Bg2 Nb3
23.Be3 Nec5 24.h3 Be6 25.Bxc5 Nxc5 26.Ne3 Bd7 27.Qd2 Rad8 28.Qxd6 Qxd6 29.Rxd6 Bxc3
30.bxc3 Nxe4 31.Bxe4 Rxe4 32.Kf2 Kg7  1/2-1/2

[Event "Vojvodina Quality League m"]
[Site "Sremska Mitrovica SRB"]
[Date "2006.09.25"]
[Round "5"]
[White "Grujic,Z"]
[Black "Stupavski,Z"]
[Result "1-0"]
[WhiteElo "2338"]
[BlackElo "2405"]

1.Nf3 Nf6 2.c4 g6 3.Nc3 Bg7 4.e4 d6 5.d4 O-O 6.Be2 e5 7.O-O exd4 8.Nxd4 Re8
9.f3 Nc6 10.Be3 Nh5 11.Qd2 f5 12.Nxc6 bxc6 13.Bg5 Qd7 14.Rad1 Qf7 15.exf5 gxf5
16.Rfe1 Nf6 17.Bd3 Rxe1+ 18.Rxe1 Be6 19.Bh6 Re8 20.Bxg7 Kxg7 21.b3 Bd7 22.Rxe8 Qxe8
23.Ne2 h6 24.Kf2 Qe5 25.g3 Nh5 26.Qe3 Qxe3+ 27.Kxe3 Nf6 28.Nd4  1-0